Представление документа в формате RUSMARC

ПолеНазваниеЗначение
  Тип записи a
  Библиографический уровень m
001 Контрольный номер admiBOOK00020393
005 Дата корректировки 20150217091538.6
010 Индекс ISBN __
a ISBN 978-5-4383-0045-8
d Цена 650,00
d Цена 680,00
100 Данные общей обработки __
a Данные общей обработки 19020213 |||y0 y0189 ca
101 Язык документа 0_
a Язык текста rus
105 Кодированные данные (монография) __
a Кодированные данные (монография) zy
200 Заглавие и сведения об ответственности 0_
a Заглавие Таможенные процедуры
e Сведения, относящиеся к заглавию учебное пособие
f Первые сведения об ответственности А.К.Пиманов
205 Сведения об издании __
b Дополнительные сведения об издании Рек. ФГОУ ВПО
210 Выходные данные 1_
a Место издания СПб
c Издательство ИЦ Интермедия
d Дата издания 2014
215 Физическое описание __
a Объем 652с.
c Иллюстрации/тип воспроизводства илл.
606 Тематические рубрики __
a Основная рубрика Таможенная служба
x Основная подрубрика Мировая экономика
610 Ключевые слова 0_
a Ключевые слова Таможенные процедуры
a Ключевые слова Тамаженная процедура экспорта
a Ключевые слова Тпможеннв процедура импорта
a Ключевые слова Свободная таможенная зона
a Ключевые слова Прцедура временного ввоза
686 Индексы других классификаций __
a Классификационный индекс 67.401.21
700 Автор _1
a Фамилия Пиманов
b Имя А.К.
852 Данные о местонахождении __
c Местонахождение стеллажа 67.401.21
852 Данные о местонахождении __
b Сигла хранения ЧЗ_2
t Номер экземпляра 2
i Авторский знак П32
p Инвентарный номер 149930
p Инвентарный номер 150634
j Шифр хранения 67.401.21
901 Тип документа __
t Тип документа m
911 __
u 952a=Учебное пособие
u 952p=2502
938 Служебная информация __
a Название организации Саранский филиал
b Имя БД OUTPUT.MRC_доп
c Название АИБС АИБС Библиотека